00930nam a2200277Ia 4500001000600000003000500006008004100011010001100052040000900063090001600072100003500088245010700123260004100230300001000271502008100281650002900362650002700391650003100418901001600449902000600465910000900471942000600480942000600486999001900492952014100511Z_762CHAP220113s1980 xx 000 0 und d a163856 cCHAP aTesis M 678 aMontero Sosa, Francisco977827 aFactores que afectan el peso al destete en ganado Brangus y Charoláis /cpor Francisco Montero Sosa aChapingo, Méx. :bEl autor,c1980 a51 h. aTesis (Ing. Agrónomo Esp. en Zootecnia) -- UACH. Departamento de Zootecnia aBecerrosxDestete911178 aGanado Brangus 944966 aGanado Charoláis 945066 aTESIS M 678 aM a1980 c2 c2 c163856d163856 00102local4051708TESISaZbZd2005-11-09eEl autorl0oTesis M66 678 1980p5101000940r2022-01-18 00:00:00tEj.1w2022-01-18yTESIS